50 dibuxos de Maside / (Record no. 120025)

MARC details
000 -LEADER
campo de control de longitud fija 00559nam a2200193 4500
001 - NÚMERO DE CONTROL
campo de control 120025
003 - IDENTIFICADOR DE NÚMERO DE CONTROL
campo de control ES-MaACL
005 - FECHA Y HORA DE LA ÚLTIMA TRANSACCIÓN
campo de control 20230906191442.0
007 - CAMPO FIJO DE DESCRIPCIÓN FÍSICA--INFORMACIÓN GENERAL
campo de control de longitud fija t|
008 - DATOS DE LONGITUD FIJA--INFORMACIÓN GENERAL
campo de control de longitud fija 070214s1959 sp r ||||1| gao d
080 ## - NÚMERO DE LA CLASIFICACIÓN DECIMAL UNIVERSAL
Número de la Clasificación Decimal Universal 74 Maside, Carlos
100 1# - ENTRADA PRINCIPAL--NOMBRE DE PERSONA
Nombre de persona Maside, Carlos.
9 (RLIN) 78719
245 10 - MENCIÓN DEL TÍTULO
Título 50 dibuxos de Maside /
Mención de responsabilidad, etc. limiar de Ramón Piñeiro.
260 ## - PUBLICACIÓN, DISTRIBUCIÓN, ETC.
Lugar de publicación, distribución, etc. Vigo :
Nombre del editor, distribuidor, etc. Galaxia,
Fecha de publicación, distribución, etc. 1959.
300 ## - DESCRIPCIÓN FÍSICA
Extensión 1 h., VI p., 4 h., 49 lám., 1 lám. col. ;
Dimensiones 39 cm.
600 14 - PUNTO DE ACCESO ADICIONAL DE MATERIA--NOMBRE DE PERSONA
Nombre de persona Maside, Carlos.
9 (RLIN) 78719
700 1# - ENTRADA AGREGADA--NOMBRE PERSONAL
Nombre de persona Piñeiro, Ramón.
9 (RLIN) 92261
852 4# - LOCALIZACIÓN
Ubicación ES-MaACL
Número de control de estantería B-7741
Holdings
Estatus retirado Estado de pérdida Estado de daño No para préstamo Biblioteca de origen Biblioteca actual Ubicación en estantería Fecha de adquisición Fuente de adquisición Total de préstamos Signatura topográfica completa Código de barras Visto por última vez Precio de reemplazo Tipo de ítem Koha
        Biblioteca del Ateneo de Madrid Biblioteca del Ateneo de Madrid Sala Pardo Bazán 17/01/2008     B-7741 1125107 23/02/2023 23/02/2023 Libro impreso